| 000 | 00956nam a22003137a 4500 | ||
|---|---|---|---|
| 003 | CHAP | ||
| 005 | 20220329141751.0 | ||
| 008 | 971013s1971 r 00010 d | ||
| 010 | _a73486 | ||
| 011 | _a74458 | ||
| 035 | _a84017 | ||
| 040 | _cCHAP | ||
| 082 |
_a624.1 _bA5y |
||
| 100 | 0 | 0 |
_aAlbiges, Maurice. _93492 |
| 245 | 1 | _aEstudio de las estructuras por los métodos matriciales | |
| 260 |
_aBarcelona : _bEds. Técnicos Asociados, _c1971 |
||
| 300 | _a255 p. | ||
| 590 |
_aBATCH-UPD _b10 _c20130110 _lUCH01 _h0443 |
||
| 590 |
_aBATCH-UPD _b10 _c20130410 _lUCH01 _h0119 |
||
| 590 |
_aBATCH-UPD _b10 _c20130913 _lUCH01 _h2347 |
||
| 590 |
_aCONVERSION _b10 _c20130109 _lUCH01 _h1340 |
||
| 650 | 1 | 4 |
_aEstructuras, teoría de las. _938487 |
| 650 | 1 | 4 |
_aMatrices. _973047 |
| 700 | 0 |
_aCoin, André. _924385 |
|
| 700 | 0 |
_aJournet, Henri. _962225 |
|
| 901 | _aBK | ||
| 942 | _cLIBRO | ||
| 949 |
_a624.1 A5y _bBC _cLIBRO _d33724000017901 _eLIBRO _h39352 _i84017 _si |
||
| 999 |
_c73486 _d73486 |
||